| 000 | 00435nmm a22001577a 4500 | ||
|---|---|---|---|
| 005 | 20220620090653.0 | ||
| 008 | 150728b xxu||||| |||| 00| 0 spa d | ||
| 041 | _aspa | ||
| 082 | _aMD 228 | ||
| 100 |
_aUmaña Naranjo, Noemy _963839 |
||
| 245 | _aInforme de Práctica Supervisada realizado en el Laboratorio Dental Gaby | ||
| 260 | _c2015 | ||
| 650 |
_aCOSTA RICA _963840 |
||
| 650 |
_aHÁBITOS ORALES INFANTILES _94392 |
||
| 942 | _cIP | ||
| 999 |
_c6941 _d6941 |
||